Quadruplés en Ligue 1 - Statistiques

Statistiques générales
  • Ce quiz a été pris 97 fois
  • Le résultat moyen est 4 sur 12
Statistiques - réponses
Équipe Adversaire Date Joueur % Correct
PSG OL (5-0) 07/10/2018 Kylian Mbappé
98%
PSG Dijon (8-0) 17/01/2018 Neymar
68%
OL Montpellier (5-4) 07/05/2023 Alexandre Lacazette
40%
PSG Troyes (9-0) 13/03/2016 Zlatan Ibrahimovic
39%
PSG Caen (6-0) 16/09/2016 Edinson Cavani
34%
Montpellier OL (4-5, défaite) 07/05/2023 Elye Wahi
30%
AJ Auxerre Stade Rennais (5-0) 28/07/2001 Djibril Cissé
24%
Valenciennes Nantes (5-2) 10/02/2007 Steve Savidan
16%
Stade Rennais OM (4-3) 21/03/2004 Alexander Frei
14%
Brest Lorient (4-0) 20/12/2023 Kamory Doumbia
13%
Nice EA Guingamp (5-2) 11/03/2018 Alassane Pléa
3%
LOSC Istres (8-0) 02/04/2005 Matt Mousillou
3%
Aucun quiz correspondant
Distribution des résultats
% des personnes avec chaque résultat
Percentile par nombre de réponses
Votre historique - résultats
Vous n’avez pas pris ce quiz